[Event "Karvina Hornicky Kahanec-10"]
[Site "Karvina"]
[Date "1987.07.01"]
[Round "5"]
[White "Lys, Josef"]
[Black "Dybowski, Jerzy"]
[Result "0-1"]
[WhiteElo "2200"]
[BlackElo "2350"]
[PlyCount "78"]
[EventDate "1987.06.27"]
[EventType "tourn"]
[EventRounds "13"]
[EventCountry "CSR"]
[EventCategory "5"]
[SourceTitle "EXT 2020"]
[Source "ChessBase"]
[SourceDate "2019.10.17"]
[SourceVersion "1"]
[SourceVersionDate "2019.10.17"]
[SourceQuality "1"]

1. d4 f5 2. g3 Nf6 3. Bg2 g6 4. Nf3 Bg7 5. 0-0 0-0 6. c3 c6 7. Nbd2 Kh8 8. Qb3 Na6 9. Ng5 Qe8 10. Nc4 Ne4 11. f3 Nxg5 12. Bxg5 d6 13. Qa3 Nc7 14. e4 Qf7 15. Na5 e5 16. dxe5 dxe5 17. Rad1 Ne6 18. Bc1 f4 19. Nc4 Qc7 20. Qd6 Qxd6 21. Rxd6 Ng5 22. Na5 Nf7 23. Rdd1 g5 24. b3 Rb8 25. Ba3 Re8 26. Rf2 Be6 27. Bf1 Bf8 28. Bxf8 Rxf8 29. Bc4 Bxc4 30. Nxc4 Kg7 31. Rd7 Kf6 32. Na5 c5 33. Rxb7 Rxb7 34. Nxb7 c4 35. Rd2 cxb3 36. axb3 Rb8 37. Nc5 Rb5 38. b4 a5 39. Nd3 Nd6 0-1

[Event "Karvina Hornicky Kahanec-10"]
[Site "Karvina"]
[Date "1987.06.29"]
[Round "3"]
[White "Kaposztas, Miklos"]
[Black "Dybowski, Jerzy"]
[Result "1/2-1/2"]
[WhiteElo "2275"]
[BlackElo "2350"]
[PlyCount "54"]
[EventDate "1987.06.27"]
[EventType "tourn"]
[EventRounds "13"]
[EventCountry "CSR"]
[EventCategory "5"]
[SourceTitle "EXT 2020"]
[Source "ChessBase"]
[SourceDate "2019.10.17"]
[SourceVersion "1"]
[SourceVersionDate "2019.10.17"]
[SourceQuality "1"]

1. c4 f5 2. g3 Nf6 3. Bg2 g6 4. Nf3 Bg7 5. Nc3 0-0 6. 0-0 d6 7. d4 c6 8. b3 Qc7 9. Ba3 Ne4 10. Bb2 Nxc3 11. Bxc3 e5 12. dxe5 dxe5 13. Qc2 c5 14. Rfd1 Nc6 15. Ne1 e4 16. e3 Be6 17. Rac1 Rad8 18. Bf1 Bxc3 19. Qxc3 Qe5 20. Qc2 Rxd1 21. Rxd1 Rd8 22. Rxd8+ Nxd8 23. Qc1 Nc6 24. h4 Kf7 25. Ng2 Nb4 26. Nf4 a5 27. Qd2 Nc6 1/2-1/2

[Event "POL-ch 43rd"]
[Site "Bytom"]
[Date "1986.??.??"]
[Round "11"]
[White "Czerwonski, Aleksander"]
[Black "Dybowski, Jerzy"]
[Result "1-0"]
[WhiteElo "2320"]
[BlackElo "2365"]
[PlyCount "93"]
[EventDate "1986.02.02"]
[EventType "tourn"]
[EventRounds "15"]
[EventCountry "POL"]
[EventCategory "6"]
[SourceTitle "MCL"]
[Source "ChessBase"]
[SourceDate "1999.07.01"]
[SourceVersion "1"]
[SourceVersionDate "1999.07.01"]
[SourceQuality "1"]

1. d4 f5 2. Nf3 Nf6 3. g3 g6 4. Bg2 Bg7 5. c3 0-0 6. Nbd2 c6 7. Nc4 d6 8. Qb3 Kh8 9. Ng5 Na6 10. h4 b5 11. Nd2 d5 12. Ndf3 Qe8 13. Ne5 Nc7 14. a4 Ne4 15. Bf4 bxa4 16. Qxa4 Nb5 17. Bf3 h5 18. Qb4 Bf6 19. e3 Bd7 20. Be2 Kg7 21. Ra5 Ned6 22. 0-0 Rb8 23. Rfa1 Rb7 24. Qa4 Qc8 25. Qc2 Be6 26. Nxe6+ Qxe6 27. Nxc6 Nc4 28. Bxc4 dxc4 29. Nxa7 Nd6 30. Nc6 Qe4 31. Qxe4 Nxe4 32. Nb4 g5 33. hxg5 Bxg5 34. Bxg5 Nxg5 35. Ra7 Rxa7 36. Rxa7 Kf6 37. Rc7 h4 38. gxh4 Ne4 39. Nd5+ Ke6 40. Nb6 Rg8+ 41. Kf1 f4 42. exf4 Nd2+ 43. Ke2 Nb3 44. Nxc4 Rg1 45. Rb7 Nc1+ 46. Kf3 Nd3 47. Rb6+ 1-0

[Event "POL-ch 43rd"]
[Site "Bytom"]
[Date "1986.??.??"]
[Round "7"]
[White "Dejkalo, Stefan"]
[Black "Dybowski, Jerzy"]
[Result "1/2-1/2"]
[WhiteElo "2435"]
[BlackElo "2365"]
[PlyCount "68"]
[EventDate "1986.02.02"]
[EventType "tourn"]
[EventRounds "15"]
[EventCountry "POL"]
[EventCategory "6"]
[SourceTitle "MCL"]
[Source "ChessBase"]
[SourceDate "1999.07.01"]
[SourceVersion "1"]
[SourceVersionDate "1999.07.01"]
[SourceQuality "1"]

1. d4 f5 2. g3 Nf6 3. Bg2 g6 4. Nf3 Bg7 5. 0-0 0-0 6. c3 d5 7. Bf4 c6 8. Nbd2 Ne4 9. Nxe4 fxe4 10. Ne5 Nd7 11. Nxd7 Bxd7 12. Qb3 Qb6 13. f3 Bf5 14. fxe4 Qxb3 15. axb3 Bxe4 16. Bxe4 dxe4 17. Bg5 Rxf1+ 18. Kxf1 Bf6 19. Bxf6 exf6 20. Kf2 Kf7 21. g4 f5 22. gxf5 gxf5 23. Ke3 Kf6 24. Rg1 a5 25. Kf4 a4 26. bxa4 Rxa4 27. Rg5 Ra5 28. b4 Ra2 29. Rxf5+ Kg6 30. Rg5+ Kf6 31. Rh5 Kg6 32. Rg5+ Kf6 33. Rg2 Rc2 34. Kxe4 Rxc3 1/2-1/2

[Event "POL-ch 43rd"]
[Site "Bytom"]
[Date "1986.??.??"]
[Round "10"]
[White "Dybowski, Jerzy"]
[Black "Bany, Jerzy"]
[Result "1/2-1/2"]
[WhiteElo "2365"]
[BlackElo "2390"]
[PlyCount "35"]
[EventDate "1986.02.02"]
[EventType "tourn"]
[EventRounds "15"]
[EventCountry "POL"]
[EventCategory "6"]
[SourceTitle "MCL"]
[Source "ChessBase"]
[SourceDate "1999.07.01"]
[SourceVersion "1"]
[SourceVersionDate "1999.07.01"]
[SourceQuality "1"]

1. d4 d5 2. c4 c6 3. cxd5 cxd5 4. Nc3 Nf6 5. Nf3 Nc6 6. Bf4 Bf5 7. e3 e6 8. Ne5 Nxe5 9. Bxe5 Nd7 10. Bg3 Bb4 11. Qb3 Qb6 12. Be2 0-0 13. 0-0 Rfc8 14. Rfc1 Bf8 15. Qxb6 Nxb6 16. Nb5 Rxc1+ 17. Rxc1 Rc8 18. Rxc8 1/2-1/2